| 000 | 00701nam a2200217Ia 4500 | ||
|---|---|---|---|
| 003 | GCL | ||
| 008 | 140319s9999 xx 000 0 ara d | ||
| 040 |
_aGCL / _cGCL |
||
| 082 | 0 | 4 |
_a327.11 _bج ص |
| 100 | 1 | _aالهيئه العامه للاستعلامات( ترج | |
| 245 | 1 | 0 |
_aصدام حسين و الازمة فى الخليج / _cالهيئه العامه للاستعلامات( ترج |
| 700 | 1 | _aجوديث ميلر | |
| 700 | 1 | _aلورى ميلروى | |
| 260 |
_a[S.N] : _bالهيئة العامة للاستعلامات ، _c1993 |
||
| 300 | _a223 ص | ||
| 490 | _a | ||
| 650 | 0 | 4 | _aالكويت |
| 650 | 0 | 4 | _aالعراق |
| 650 | 0 | 4 | _aحرب الخليج |
| 942 |
_2ddc _cBK |
||
| 999 |
_c47745 _d47745 |
||